| 000 | 00825nam a2200241 a 4500 | ||
|---|---|---|---|
| 001 | BRCA_5652 | ||
| 005 | 20190320205152.0 | ||
| 008 | 220211s1920----enka######---#000-0#eng-# | ||
| 041 | _aeng | ||
| 044 | _aenk | ||
| 050 | 4 |
_aNK1444 _b.S77 1920 |
|
| 100 | 1 |
_aStratton, Arthur _914370 |
|
| 245 | 1 | 0 |
_aThe English Interior _ba review of the decoration of English homes from Tudor times to the XIXth century _cArthur Stratton. |
| 260 |
_aLondres _bB. T. Batsford _c[1920?] |
||
| 300 |
_axxviii, 86 p. _bil. (algunas a color), 115 láminas _c39 cm. |
||
| 500 | _aIncluye índice onomástico e índice de ilustraciones | ||
| 500 | _aEdición con cantos dorados | ||
| 500 | _aF124 | ||
| 650 | 1 | 4 |
_aDecoración y ornamentación _xHistoria _zInglaterra _914371 |
| 650 | 1 | 4 |
_aMuebles ingleses _99632 |
| 902 | _aGFM | ||
| 942 |
_2lcc _cB |
||
| 999 |
_c5345 _d5345 |
||